Spravodajca - Hlas Rakovej správy, oznamy, komentáre - všetko o živote a dianí v Rakovej

Bibliographic Details
New Title:Hlas Rakovej
Format: Serial
Language:Slovak
PhysicalDescription:3 zv. 30 cm
Dostupný aj v elektronickej podobe na internete
Published: Raková Obec Raková 2007-2009
ISSN:1339-2050
Subjects:
Online Access:http://www.rakova.sk/spravodajca

MARC

LEADER 00000nas a2200000 a 4500
001 vtls011824318
003 SK-MaSNL
005 20260228164446.0
008 181121d20072009xo mr 0 0slo
040 |a SNK  |b slo  |c SNK  |e AACR2 
041 0 |a slo 
043 |a e-xo--- 
044 |a xo  |c SK 
072 7 |a 352/354  |x Stupne miestnej, oblastnej a ústrednej správy  |2 konspekt 
072 7 |a 394  |x Verejný a spoločenský život. Každodenný život  |2 konspekt 
072 7 |a 316.7  |x Sociológia kultúry. Kultúrny život  |2 konspekt 
080 |a 352  |2 2011 
080 |a 394  |2 2011 
080 |a 316.728  |2 2011 
080 |a (051)+(054)  |2 2011 
080 |a (437.6)  |2 2011 
080 |a 050  |2 2011 
245 0 0 |a Spravodajca - Hlas Rakovej  |b správy, oznamy, komentáre - všetko o živote a dianí v Rakovej 
260 |a Raková  |b Obec Raková  |c 2007-2009 
300 |a 3 zv.  |c 30 cm 
310 |a 1x mesačne 
362 0 |a Roč. 9, č. 2 (aug. 2007)-roč. 11, č. 1(jan. 2009) 
500 |a Evidenčné číslo: EV 863/08 
530 |a Dostupný aj v elektronickej podobe na internete 
650 0 7 |a miestna správa  |2 SNKPH  |9 29496 
650 0 7 |a spoločenský život  |2 SNKPH  |9 28654 
651 7 |a Raková (Slovensko)  |2 SNKPHgeo  |9 29543 
655 7 |a miestne periodiká  |2 SNKPH  |9 160938 
710 1 |a Raková (Slovensko).  |b Obecný úrad  |4 pbl  |9 170643 
785 0 1 |t Hlas Rakovej  |x 1339-2050  |w vtls011824427 
856 4 1 |u http://www.rakova.sk/spravodajca 
910 |a snk 
999 |c 13680  |d 15610 
952 |0 0  |1 0  |4 0  |7 0  |8 0  |a SNK  |b SNK  |d 2018-11-21  |i snk2018/24690  |l 0  |o snkČSB 6878/11/2009/1  |p 17A1341370  |r 2026-02-21 20:18:19  |t č. 1  |w 2026-02-21  |y PREZ 
952 |0 0  |1 0  |4 0  |7 0  |8 0  |a SNK  |b SNK  |d 2018-11-21  |i snk2018/24690  |l 0  |o snkČSB 6878/9/2007  |p 17A1341372  |r 2026-02-21 22:06:03  |t č. 2-6  |w 2026-02-21  |y PREZ 
952 |0 0  |1 0  |4 0  |7 0  |8 0  |a SNK  |b SNK  |d 2018-11-21  |i snk2018/24690  |l 0  |o snkČSB 6878/10/2008  |p 17A1341371  |r 2026-02-21 22:06:03  |t č. 1-9, neúplné  |w 2026-02-21  |y PREZ  |z Chýba č. 3